000 00417 a2200157 4500
005 20260330113146.0
008 260330b |||||||| |||| 00| 0 eng d
020 _a9789362542038
080 _aFM
_bSHI/A
100 _aShinilal,V.
245 _aAkam puram(അകം പുറം)
260 _bD C books
_aKottayam.
_c2026.
300 _a162p.
653 _aFiction-Short Story-Malayalam Literature
942 _cOO
999 _c115271
_d115270